Science Quiz

Random Science or Physics Quiz
Score 0/14 Timer 03:00
1 Play Today
% Correct
Einstein's mass–energy equivalence
92.9%
Circumference of circle
92.4%
Pythagorean theorem
92.2%
Equation of straight line
87.1%
Addition logarithm identity
83.9%
Speed, distance, time equation
83.2%
Definition of the imaginary unit
80.5%
% Correct
Newton's Second Law of Motion
78.9%
Volume of solid of revolution
76.2%
Euler's identity
67.6%
Wave equation
63%
Discriminant
62.3%
Darcy's Equation
61.7%
Gibbs free energy
60.9%
Remove Ads.
Support Sporcle.
Get the best of Sporcle when you Go Orange. This ad-free experience offers more features, more stats, and more fun while also helping to support Sporcle. Thank you for becoming a member.

You're not logged in!

Compare scores with friends on all Sporcle quizzes.
OR
Log In

Show Comments

Extras

Top Quizzes Today


Score Distribution

Your Account Isn't Verified!

In order to create a playlist on Sporcle, you need to verify the email address you used during registration. Go to your Sporcle Settings to finish the process.

Report this User

Report this user for behavior that violates our Community Guidelines.

Details: